00895nam a22001457a 4500003000400000020001800004082001400022100001200036245003000048250000900078260003100087300000800118650001600126653060700142SGT a9789332500334 a658.4,ROB aROBBINS aORGANISATIONAL BEHAVIOR  a5TH  aNEW DELHI bPEARSON c2013 a672 aMANAGEMENT  aTABLE OF CONTENT INTRODUCTION 1 WHAT IS ORGANIZATIONAL BEHAVIOR? THE INDIVIDUAL 2 DIVERSITY IN ORGANIZATIONS 3 ATTITUDES AND JOB SATISFACTION 4 EMOTIONS AND MOODS 5 PERSONALITY AND VALUES 6 PERCEPTION AND INDIVIDUAL DECISION MAKING 7 MOTIVATION CONCEPTS 8 MOTIVATION: FROM CONCEPTS TO APPLICATIONS THE GROUP 9 FOUNDATIONS OF GROUP BEHAVIOR 10 UNDERSTANDING WORK TEAMS 11 COMMUNICATION 12 LEADERSHIP 13 POWER AND POLITICS 14 CONFLICT AND NEGOTIATION 15 FOUNDATIONS OF ORGANIZATION STRUCTURE THE ORGANIZATION SYSTEM 16 ORGANIZATIONAL CULTURE 17 ORGANIZATIONAL CHANGE AND STRESS MANAGEMENT